Finančné vzťahy medzi Slovenskou republikou a Európskou úniou
Guardado en:
| Autor principal: | |
|---|---|
| Formato: | Libro |
| Lenguaje: | eslovaco |
| Publicado: |
Bratislava
NCEGŠ - Národné centrum európskych a globálnych štúdií
2024
|
| Edición: | 1. vydanie |
| Materias: | |
| Etiquetas: |
Sin Etiquetas, Sea el primero en etiquetar este registro!
|
MARC
| LEADER | 00000nam a2200000 4500 | ||
|---|---|---|---|
| 001 | 0300225 | ||
| 005 | 20240527083739.1 | ||
| 020 | |a 978-80-972508-5-0 | ||
| 041 | 0 | |a slo | |
| 044 | |a SK | ||
| 245 | 1 | 0 | |a Finančné vzťahy medzi Slovenskou republikou a Európskou úniou |c Ondrej Barič |
| 250 | |a 1. vydanie | ||
| 264 | 1 | |a Bratislava |b NCEGŠ - Národné centrum európskych a globálnych štúdií |c 2024 | |
| 300 | |a 175 s. | ||
| 610 | 2 | 0 | |a politika regionálna |
| 610 | 2 | 0 | |a spolupráca hospodárska medzinárodná |
| 610 | 2 | 0 | |a fondy Európskej únie |
| 610 | 2 | 0 | |a fondy štruktúrne |
| 610 | 2 | 0 | |a riadenie finančné |
| 610 | 2 | 0 | |a Európska únia |
| 100 | 1 | |a Barič, Ondrej | |